De quel film sont tirées ces répliques ? 2 - Statistiques

Statistiques générales
  • Ce quiz a été pris 332 fois
    130 depuis la dernière actualisation
  • Le résultat moyen est 10 sur 20
Statistiques - réponses
Hint Réponse % Correct
Quand on vient dans le Nord on braie 2 fois : quand on arrive et quand on repart Bienvenue chez les Chtis
92%
Houston on a un problème Apollo 13
90%
Alors… On n’attend pas Patrick ? Camping
87%
Vous êtes juif? Comment Salomon vous êtes juif? Écoutez ça ne fait rien je vous garde quand même! Les aventures de Rabbi Jacob
87%
Pas de bras, pas de chocolat. Intouchables
84%
Nom de Zeus Retour vers le futur
80%
Si j'aurais su, j'aurais pas venu. La guerre des boutons
75%
Ah, elle va marcher beaucoup moins bien, forcément! Le Corniaud
69%
Ils peuvent me tuer, je parlerai pas! Mais moi non plus, ils peuvent vous tuer, je ne parlerai pas! La grande vadrouille
65%
C'est lundi, c'est ravioli! La vie est un long fleuve tranquille
51%
Ma biche, ma biche, où êtes-vous? Ma biche! Le gendarme se marie
51%
Salut! J'm'appelle Quentin, j'suis de Montargis Tais-toi !
40%
Après tout, demain est un autre jour ! Autant en emporte le vent
33%
Je suis un homme ! - Eh bien... personne n'est parfait Certains l'aime chaud
27%
Le meilleur ami d'un garçon est sa mère. Psychose
22%
Cocu est un mot pour les riches. Moi, si ça m’arrivait, je ne serais pas cocu, je serais malheureux La femme du boulanger
21%
Vous avez le vin petit et la cuite mesquine, dans le fond vous ne méritez pas de boire ! Un singe en hiver
21%
Madame Robinson, vous essayez de me séduire, n'est-ce pas ? Le Lauréat
20%
Si vous n’aimez pas la mer… Si vous n’aimez pas la montagne… Si vous n’aimez pas la ville… Allez vous faire foutre ! A bout de souffle
18%
Ça sent la fraude fiscale ! A quoi tu sens ça ? A l’épaisseur de la moquette Tenue de soirée
17%
Aucun quiz correspondant
Distribution des résultats
% des personnes avec chaque résultat
Percentile par nombre de réponses
Votre historique - résultats
Vous n’avez pas pris ce quiz depuis la dernière actualisation